000 00187 a2200097 4500
020 _a9781584301592
041 _aspa
100 _aLulu Delacre
245 _aArrorro, Mi Niò¨
942 _cBK
999 _c13058
_d13058